000 00750nam a2200277Ia 4500
003 OSt
005 20221006150124.0
006 a|||||r|||| 00| 0
007 ta
008 221006b |||||||| |||| 00| 0 eng d
020 _a9780394571164
_c
_22.95
024 _a17,193
037 _bGift,
_cTextual
040 _aEASL
_cEASL
_beng
041 _2eng
_aeng
082 _aY12.41.N8, M8
100 _aChin Ann-Ping
_9655944
245 0 _aChildren of China
_b Voices from recent years
260 _aNew York
_bAlfred A. Knopf
_c1988
300 _a310p.
_ccm.
490 _v CEL
650 _a Family - China
_9655043
650 _aCEL
942 _hY12.41.N8, M8
_cTEXL
_2CC
999 _c1085279
_d1085279